| Tag |
First Indicator |
Second Indicator |
Subfields |
| LEADER |
00000pam a2200000 i 4500 |
| 001 |
in00000663621 |
| 005 |
20151015085516.0 |
| 008 |
790925s1980 njua b 00110 eng |
| 010 |
|
|
|a 79022444
|
| 020 |
|
|
|a 0131782363
|
| 035 |
|
|
|a (OCoLC)05564028
|
| 035 |
|
|
|9 ACY3176AM
|
| 040 |
|
|
|a DLC
|c DLC
|d TXA
|d UtOrBLW
|
| 043 |
|
|
|a n-us---
|
| 049 |
|
|
|a TXAM
|c [982898]
|
| 050 |
0 |
0 |
|a HV9275
|b .C36
|
| 082 |
0 |
|
|a 364.6
|
| 100 |
1 |
|
|a Carney, Louis P.
|
| 245 |
1 |
0 |
|a Corrections, treatment and philosophy /
|c Louis P. Carney.
|
| 264 |
|
1 |
|a Englewood Cliffs, N.J. :
|b Prentice-Hall,
|c [1980]
|
| 264 |
|
4 |
|c ©1980
|
| 300 |
|
|
|a xiv, 352 pages :
|b illustrations ;
|c 24 cm.
|
| 336 |
|
|
|a text
|b txt
|2 rdacontent
|
| 337 |
|
|
|a unmediated
|b n
|2 rdamedia
|
| 338 |
|
|
|a volume
|b nc
|2 rdacarrier
|
| 504 |
|
|
|a Includes bibliographical references and index.
|
| 650 |
|
0 |
|a Corrections.
|
| 650 |
|
0 |
|a Corrections
|z United States.
|
| 999 |
|
|
|a MARS
|
| 999 |
f |
f |
|s 9b5aeef6-2b04-3aab-8867-190b1e2a04cc
|i b06fbcdf-7954-3f4c-99e6-c1b9db3f9376
|t 0
|
| 952 |
f |
f |
|p ric
|a Texas A&M University
|b Rellis Campus
|c Joint Library Facility
|d Remote Storage
|t 0
|e HV9275 .C36
|h Library of Congress classification
|i unmediated -- volume
|m A14803046816
|
| 998 |
f |
f |
|a HV9275 .C36
|t 0
|l Remote Storage
|